000 00790nam a2200217Ia 4500
003 GCL
008 140319s9999 xx 000 0 ara d
040 _aGCL /
_cGCL
082 0 4 _a001.6425
_bا م
100 1 _aانيس حبلى
245 1 0 _aالموسيقى والكمبيوتر: ام اس اكس MSX واتارى وسبكتروم وعلى كافة الانظمة والاجهزة /
_cانيس حبلى
260 _a[S.N] :
_bدار الراتب الجامعية ،
_c1988
300 _a294
490 _a
650 0 4 _aالحاسبات الالكترونية
650 0 4 _aام اس اكس
650 0 4 _aالموسيقى
650 0 4 _aبرامج الحاسبات الالكترونية
650 0 4 _aالموسيقى , الحاسب الالكترونى
942 _2ddc
_cBK
999 _c40079
_d40079